00323nam a2200109Ia 4500003000400000008004100004040001600045082002500061245007000086260004600156300001100202GCL140319s9999 xx 000 0 ara d aGCL / cGCL04aمb001.64043bا ق10aقاموس المعلومات ومصطلحات الكمبيوتر a[S.N] : bمكتبة لبنان ، c1985 a185 ص